00735nam a2200181Ia 4500999001700000082001200017100002300029245009800052260005800150300000800208504002600216650004400242650004600286650004000332710001600372942001200388952015300400 c20351d20351 aTS.0944 aSrivastava, Achala 0aSocio-economic status of women and gender disparity: an inter-district study of Uttar Pradesh c2004bChhatrapati Shahu Ji Maharaj University, Kanpur a324 aincludes bibliography aWomenvSocial conditionsvUttar Pradesh aWomenvEconomic conditionsvUttar Pradesh aWomen in developmentvUttar Pradesh aSingh, A.K. cTH2ddc 00104070aNASSDOCbNASSDOCd2006-05-05eGifted by : Fellowship Division, ICSSRi2006-05-01l0oTS.0944p41780r2019-04-18 00:00:00w2019-04-18yTH